Griechische Grammatik (Record no. 21130)

MARC details
000 -LEADER
campo de control de longitud fija 00910nam a2200229 i 4500
001 - NÚMERO DE CONTROL
campo de control 21130
003 - IDENTIFICADOR DE NÚMERO DE CONTROL
campo de control ES-MaACL
005 - FECHA Y HORA DE LA ÚLTIMA TRANSACCIÓN
campo de control 20230906152426.0
007 - CAMPO FIJO DE DESCRIPCIÓN FÍSICA--INFORMACIÓN GENERAL
campo de control de longitud fija t|
008 - DATOS DE LONGITUD FIJA--INFORMACIÓN GENERAL
campo de control de longitud fija 021121s1953 gw ||||1| ger d
080 ## - NÚMERO DE LA CLASIFICACIÓN DECIMAL UNIVERSAL
Número de la Clasificación Decimal Universal 811.14'36
100 1# - ENTRADA PRINCIPAL--NOMBRE DE PERSONA
Nombre de persona Schwyzer, Eduard.
9 (RLIN) 104921
245 10 - MENCIÓN DEL TÍTULO
Título Griechische Grammatik
Resto del título : auf der Grundlage von Karl Brugmans Griechischer Grammatik /
Mención de responsabilidad, etc. von Eduard Schwyzer.
260 ## - PUBLICACIÓN, DISTRIBUCIÓN, ETC.
Lugar de publicación, distribución, etc. München :
Nombre del editor, distribuidor, etc. C. H. Beck'sche,
Fecha de publicación, distribución, etc. 1953.
300 ## - DESCRIPCIÓN FÍSICA
Extensión 3 v. ;
Dimensiones 25 cm.
505 8# - NOTA DE CONTENIDO CON FORMATO
Nota de contenido con formato Contiene: V. I. Allgemeiner Teil. Lautlehre. Wortbildung. Flexion. -- V. II. Syntax und syntaktische Stilistik / vervollständigt ung hrsg. von A. Debrunner -- V. III. Register / von D. J. Georgacas
600 04 - PUNTO DE ACCESO ADICIONAL DE MATERIA--NOMBRE DE PERSONA
Nombre de persona Georgacas, Demetrius J.
9 (RLIN) 56376
650 #4 - PUNTO DE ACCESO ADICIONAL DE MATERIA--TÉRMINO DE MATERIA
Término de materia o nombre geográfico como elemento de entrada Lengua griega-
Subdivisión general Gramática histórica.
9 (RLIN) 143231
700 1# - ENTRADA AGREGADA--NOMBRE PERSONAL
Nombre de persona Brugmann, Karl.
9 (RLIN) 181680
852 ## - LOCALIZACIÓN
Ubicación ES-MaACL
Número de control de estantería C-17411-3
Sublocalización o colección R.45675
Holdings
Estatus retirado Estado de pérdida Estado de daño No para préstamo Biblioteca de origen Biblioteca actual Ubicación en estantería Fecha de adquisición Fuente de adquisición Total de préstamos Signatura topográfica completa Código de barras Visto por última vez Precio de reemplazo Tipo de ítem Koha
        Biblioteca del Ateneo de Madrid Biblioteca del Ateneo de Madrid Mesetón 17/01/2008     C-17411-3 1021704 23/02/2023 23/02/2023 Libro impreso